<?xml version="1.0" encoding="UTF-8"?>
<record
    xmlns:xsi="http://www.w3.org/2001/XMLSchema-instance"
    xsi:schemaLocation="http://www.loc.gov/MARC21/slim http://www.loc.gov/standards/marcxml/schema/MARC21slim.xsd"
    xmlns="http://www.loc.gov/MARC21/slim">

  <leader>00573nam a22001337a 4500</leader>
  <datafield tag="040" ind1=" " ind2=" ">
    <subfield code="c">RUA</subfield>
  </datafield>
  <datafield tag="082" ind1=" " ind2=" ">
    <subfield code="a">LMA SE 2015 B540 Or.1</subfield>
  </datafield>
  <datafield tag="100" ind1=" " ind2=" ">
    <subfield code="a">SE SODARA; &#x179F;&#x17C2; &#x179F;&#x17BB;&#x178F;&#x17B6;&#x179A;&#x17B6;</subfield>
  </datafield>
  <datafield tag="245" ind1=" " ind2=" ">
    <subfield code="a">Study on master plan of land use planning in saang district, kandal province; &#x179F;&#x17B7;&#x1780;&#x17D2;&#x179F;&#x17B6;&#x1796;&#x17B8;&#x1780;&#x17B6;&#x179A;&#x1780;&#x179F;&#x17B6;&#x1784;&#x1794;&#x17D2;&#x179B;&#x1784;&#x17CB;&#x1782;&#x17C4;&#x179B;&#x1794;&#x17D2;&#x179A;&#x17BE;&#x1794;&#x17D2;&#x179A;&#x17B6;&#x179F;&#x17CB;&#x178A;&#x17B8; &#x1793;&#x17C5;&#x1780;&#x17D2;&#x1793;&#x17BB;&#x1784;&#x179F;&#x17D2;&#x179A;&#x17BB;&#x1780;&#x179F;&#x17D2;&#x17A2;&#x17B6;&#x1784; &#x1781;&#x17C1;&#x178F;&#x17D2;&#x178F;&#x1780;&#x178E;&#x17D2;&#x178A;&#x17B6;&#x179B;</subfield>
  </datafield>
  <datafield tag="260" ind1=" " ind2=" ">
    <subfield code="a">PHNOM PENH</subfield>
    <subfield code="b">SE</subfield>
    <subfield code="c">2015</subfield>
  </datafield>
  <datafield tag="300" ind1=" " ind2=" ">
    <subfield code="a">xii;68p.</subfield>
    <subfield code="b">ill.</subfield>
    <subfield code="c">29cm.</subfield>
  </datafield>
  <datafield tag="856" ind1=" " ind2=" ">
    <subfield code="u">SE SODARA</subfield>
  </datafield>
  <datafield tag="942" ind1=" " ind2=" ">
    <subfield code="c">LMA</subfield>
  </datafield>
  <datafield tag="999" ind1=" " ind2=" ">
    <subfield code="c">10920</subfield>
    <subfield code="d">10920</subfield>
  </datafield>
  <datafield tag="952" ind1=" " ind2=" ">
    <subfield code="0">0</subfield>
    <subfield code="1">0</subfield>
    <subfield code="2">ddc</subfield>
    <subfield code="4">0</subfield>
    <subfield code="6">LMA_SE_2015_000000000000000_B540_OR_1</subfield>
    <subfield code="7">0</subfield>
    <subfield code="9">57489</subfield>
    <subfield code="a">LBB</subfield>
    <subfield code="b">LBB</subfield>
    <subfield code="c">B540</subfield>
    <subfield code="d">2016-11-25</subfield>
    <subfield code="l">1</subfield>
    <subfield code="o">LMA SE 2015 B540 Or.1</subfield>
    <subfield code="p">A05605</subfield>
    <subfield code="r">2023-08-22</subfield>
    <subfield code="s">2023-08-09</subfield>
    <subfield code="w">2016-11-25</subfield>
    <subfield code="y">LMA</subfield>
  </datafield>
  <datafield tag="952" ind1=" " ind2=" ">
    <subfield code="0">0</subfield>
    <subfield code="1">0</subfield>
    <subfield code="2">ddc</subfield>
    <subfield code="4">0</subfield>
    <subfield code="6">LMA_SE_2015_000000000000000_B540_OR_2</subfield>
    <subfield code="7">0</subfield>
    <subfield code="9">57490</subfield>
    <subfield code="a">LBB</subfield>
    <subfield code="b">LBB</subfield>
    <subfield code="c">B540</subfield>
    <subfield code="d">2016-11-25</subfield>
    <subfield code="o">LMA SE 2015 B540 Or.2</subfield>
    <subfield code="p">A05530</subfield>
    <subfield code="r">2016-11-25</subfield>
    <subfield code="w">2016-11-25</subfield>
    <subfield code="y">LMA</subfield>
  </datafield>
  <datafield tag="952" ind1=" " ind2=" ">
    <subfield code="0">0</subfield>
    <subfield code="1">0</subfield>
    <subfield code="2">ddc</subfield>
    <subfield code="4">0</subfield>
    <subfield code="6">LMA_SE_2015_000000000000000_B540_OR_3</subfield>
    <subfield code="7">0</subfield>
    <subfield code="9">57491</subfield>
    <subfield code="a">LBB</subfield>
    <subfield code="b">LBB</subfield>
    <subfield code="c">B540</subfield>
    <subfield code="d">2016-11-25</subfield>
    <subfield code="o">LMA SE 2015 B540 Or.3</subfield>
    <subfield code="p">A05122</subfield>
    <subfield code="r">2016-11-25</subfield>
    <subfield code="w">2016-11-25</subfield>
    <subfield code="y">LMA</subfield>
  </datafield>
  <datafield tag="952" ind1=" " ind2=" ">
    <subfield code="0">0</subfield>
    <subfield code="1">0</subfield>
    <subfield code="2">ddc</subfield>
    <subfield code="4">0</subfield>
    <subfield code="6">LMA_SE_2015_000000000000000_B540_OR_4</subfield>
    <subfield code="7">0</subfield>
    <subfield code="9">57492</subfield>
    <subfield code="a">LBB</subfield>
    <subfield code="b">LBB</subfield>
    <subfield code="c">B540</subfield>
    <subfield code="d">2016-11-25</subfield>
    <subfield code="o">LMA SE 2015 B540 Or.4</subfield>
    <subfield code="p">A05123</subfield>
    <subfield code="r">2016-11-25</subfield>
    <subfield code="w">2016-11-25</subfield>
    <subfield code="y">LMA</subfield>
  </datafield>
  <datafield tag="952" ind1=" " ind2=" ">
    <subfield code="0">0</subfield>
    <subfield code="1">0</subfield>
    <subfield code="2">ddc</subfield>
    <subfield code="4">0</subfield>
    <subfield code="6">LMA_SE_2015_000000000000000_B540_OR_5</subfield>
    <subfield code="7">0</subfield>
    <subfield code="9">57493</subfield>
    <subfield code="a">LBB</subfield>
    <subfield code="b">LBB</subfield>
    <subfield code="c">B540</subfield>
    <subfield code="d">2016-11-25</subfield>
    <subfield code="l">1</subfield>
    <subfield code="o">LMA SE 2015 B540 Or.5</subfield>
    <subfield code="p">A05865</subfield>
    <subfield code="r">2023-11-03</subfield>
    <subfield code="s">2023-09-25</subfield>
    <subfield code="w">2016-11-25</subfield>
    <subfield code="y">LMA</subfield>
  </datafield>
  <datafield tag="952" ind1=" " ind2=" ">
    <subfield code="0">0</subfield>
    <subfield code="1">0</subfield>
    <subfield code="2">ddc</subfield>
    <subfield code="4">0</subfield>
    <subfield code="6">LMA_SE_2015_000000000000000_B540_OR_6</subfield>
    <subfield code="7">0</subfield>
    <subfield code="9">57494</subfield>
    <subfield code="a">LBB</subfield>
    <subfield code="b">LBB</subfield>
    <subfield code="c">B540</subfield>
    <subfield code="d">2016-11-25</subfield>
    <subfield code="l">1</subfield>
    <subfield code="o">LMA SE 2015 B540 Or.6</subfield>
    <subfield code="p">A05554</subfield>
    <subfield code="r">2025-03-18</subfield>
    <subfield code="s">2025-02-26</subfield>
    <subfield code="w">2016-11-25</subfield>
    <subfield code="y">LMA</subfield>
  </datafield>
  <datafield tag="952" ind1=" " ind2=" ">
    <subfield code="0">0</subfield>
    <subfield code="1">0</subfield>
    <subfield code="2">ddc</subfield>
    <subfield code="4">0</subfield>
    <subfield code="6">LMA_SE_2015_000000000000000_B540_OR_7</subfield>
    <subfield code="7">0</subfield>
    <subfield code="9">57495</subfield>
    <subfield code="a">LBB</subfield>
    <subfield code="b">LBB</subfield>
    <subfield code="c">B540</subfield>
    <subfield code="d">2016-11-25</subfield>
    <subfield code="o">LMA SE 2015 B540 Or.7</subfield>
    <subfield code="p">A05354</subfield>
    <subfield code="r">2016-11-25</subfield>
    <subfield code="w">2016-11-25</subfield>
    <subfield code="y">LMA</subfield>
  </datafield>
  <datafield tag="952" ind1=" " ind2=" ">
    <subfield code="0">0</subfield>
    <subfield code="1">0</subfield>
    <subfield code="2">ddc</subfield>
    <subfield code="4">0</subfield>
    <subfield code="6">LMA_SE_2015_000000000000000_B540_OR_8</subfield>
    <subfield code="7">0</subfield>
    <subfield code="9">57496</subfield>
    <subfield code="a">LBB</subfield>
    <subfield code="b">LBB</subfield>
    <subfield code="c">B540</subfield>
    <subfield code="d">2016-11-25</subfield>
    <subfield code="l">2</subfield>
    <subfield code="o">LMA SE 2015 B540 Or.8</subfield>
    <subfield code="p">A05942</subfield>
    <subfield code="r">2020-09-30</subfield>
    <subfield code="s">2020-09-09</subfield>
    <subfield code="w">2016-11-25</subfield>
    <subfield code="y">LMA</subfield>
  </datafield>
</record>
